[Event "Titled Tuesday intern op 18th Mar Late"]
[Site "Chess.com INT"]
[Date "2025.03.18"]
[Round "1"]
[White "Aravindh, Chithambaram VR"]
[Black "D'Arruda, Ricardo D"]
[Result "1-0"]
[WhiteElo "2731"]
[BlackElo "2271"]
[PlyCount "79"]
[EventDate "2025.03.18"]
[EventType "swiss (blitz)"]
[EventRounds "11"]
[EventCountry "USA"]
[SourceTitle "CB13_2025"]
[SourceDate "2025.03.26"]
[SourceVersion "1"]
[SourceVersionDate "2025.03.26"]
[SourceQuality "1"]

1. g3 d5 2. Nf3 Nf6 3. Bg2 g6 4. 0-0 Bg7 5. b3 0-0 6. Bb2 c5 7. c4 d4 8. e3 Nc6 9. exd4 cxd4 10. Re1 Re8 11. Ne5 Nxe5 12. Rxe5 Nd7 13. Re1 e5 14. d3 Nc5 15. b4 Ne6 16. Nd2 Qc7 17. c5 Bd7 18. Nc4 Bc6 19. Nd6 Re7 20. a3 b6 21. Ne4 bxc5 22. Rc1 Qb6 23. Nxc5 Bxg2 24. Kxg2 Rc8 25. Nxe6 Qxe6 26. Qf3 Qd7 27. Rxc8+ Qxc8 28. Bxd4 h6 29. Bc5 Rd7 30. h4 Qa6 31. Re3 Qxa3 32. d4 Qa1 33. dxe5 Bxe5 34. h5 g5 35. Qf5 Rd5 36. Qc8+ Kh7 37. Qb7 Qd1 38. Qxf7+ Bg7 39. Qg6+ Kg8 40. Re8# 1-0

[Event "Titled Tuesday intern op 18th Mar Late"]
[Site "Chess.com INT"]
[Date "2025.03.18"]
[Round "3"]
[White "Atanasov, Anthony"]
[Black "D'Arruda, Ricardo D"]
[Result "1-0"]
[WhiteElo "2423"]
[BlackElo "2271"]
[PlyCount "115"]
[EventDate "2025.03.18"]
[EventType "swiss (blitz)"]
[EventRounds "11"]
[EventCountry "USA"]
[SourceTitle "CB13_2025"]
[SourceDate "2025.03.26"]
[SourceVersion "1"]
[SourceVersionDate "2025.03.26"]
[SourceQuality "1"]

1. d4 Nf6 2. Bf4 d6 3. e3 g6 4. Nf3 Bg7 5. Be2 0-0 6. 0-0 Nc6 7. c3 Bf5 8. Nbd2 Re8 9. h3 Ne4 10. Nxe4 Bxe4 11. Nd2 Bf5 12. a4 e5 13. Bg3 a6 14. Re1 exd4 15. cxd4 Nb4 16. Rc1 a5 17. Qb3 Qd7 18. Bb5 c6 19. Bc4 Be6 20. Bxe6 Qxe6 21. Red1 Qxb3 22. Nxb3 Bf8 23. Nd2 d5 24. Kf1 Rad8 25. Bc7 Ra8 26. Ke2 Rec8 27. Bb6 Bd6 28. Nb3 Bc7 29. Bxc7 Rxc7 30. Rc5 b6 31. Rc3 Re7 32. Nc1 Rc8 33. Nd3 Nxd3 34. Kxd3 Kf8 35. Rdc1 Rec7 36. Rb3 Rb8 37. Rbc3 Rbc8 38. g4 Ke7 39. Rb3 Rb8 40. Rc5 Rbb7 41. Rc2 Kd6 42. g5 b5 43. axb5 Rxb5 44. Rxb5 cxb5 45. Rxc7 Kxc7 46. Kc3 Kd6 47. f3 Ke6 48. e4 f6 49. exd5+ Kxd5 50. gxf6 Ke6 51. d5+ Kxf6 52. Kd4 b4 53. Kc5 Ke7 54. Kb5 Kd6 55. Kxa5 Kxd5 56. Kxb4 g5 57. Ka5 h5 58. b4 1-0

[Event "Titled Tuesday intern op 18th Mar Late"]
[Site "Chess.com INT"]
[Date "2025.03.18"]
[Round "2"]
[White "D'Arruda, Ricardo D"]
[Black "Swara, Lakshmi S Nair"]
[Result "1-0"]
[WhiteElo "2271"]
[BlackElo "2216"]
[PlyCount "57"]
[EventDate "2025.03.18"]
[EventType "swiss (blitz)"]
[EventRounds "11"]
[EventCountry "USA"]
[SourceTitle "CB13_2025"]
[SourceDate "2025.03.26"]
[SourceVersion "1"]
[SourceVersionDate "2025.03.26"]
[SourceQuality "1"]

1. Nf3 Nf6 2. d4 g6 3. Nc3 Bg7 4. e4 d6 5. Bg5 0-0 6. Qd2 Nbd7 7. 0-0-0 c5 8. dxc5 Nxc5 9. Qe3 Qc7 10. Bxf6 exf6 11. Qf4 f5 12. exf5 Bxf5 13. Nd4 Be5 14. Qf3 Bd7 15. Bc4 Ne6 16. Bxe6 fxe6 17. Qe2 Rac8 18. g3 Qa5 19. f4 Rxc3 20. fxe5 Rc5 21. Nb3 Qxa2 22. Nxc5 Qa1+ 23. Kd2 Qa5+ 24. c3 Qxc5 25. Rhf1 Rd8 26. Qf2 Qxf2+ 27. Rxf2 dxe5 28. Kc1 Bc6 29. Rxd8+ 1-0

[Event "Titled Tuesday intern op 11th Mar Late"]
[Site "Chess.com INT"]
[Date "2025.03.11"]
[Round "10"]
[White "D'Arruda, Ricardo D"]
[Black "Andrade, Ivan"]
[Result "0-1"]
[WhiteElo "2271"]
[BlackElo "2161"]
[PlyCount "88"]
[EventDate "2025.03.11"]
[EventType "swiss (blitz)"]
[EventRounds "11"]
[EventCountry "USA"]
[SourceTitle "CB12_2025"]
[SourceDate "2025.03.19"]
[SourceVersion "1"]
[SourceVersionDate "2025.03.19"]
[SourceQuality "1"]

1. d4 Nf6 2. Nf3 e6 3. c4 b6 4. Nc3 Be7 5. g3 d5 6. Bg2 0-0 7. 0-0 c6 8. Re1 dxc4 9. Ne5 Qc7 10. Nxc4 Nd5 11. e4 Nxc3 12. bxc3 Rd8 13. Bf4 Qd7 14. Qc2 Ba6 15. Ne5 Qe8 16. a4 Bb7 17. Rad1 Nd7 18. Nc4 Nf6 19. Bc7 Rdc8 20. Nd6 Bxd6 21. Bxd6 Rd8 22. Be5 Nd7 23. Bc7 Rdc8 24. Bf4 e5 25. dxe5 Nxe5 26. h3 c5 27. Bc1 c4 28. Ba3 Nd3 29. Re3 Rd8 30. Bf1 Ba6 31. e5 Qe6 32. f4 Bb7 33. Kh2 Qc6 34. Bg2 Qd7 35. Bxb7 Qxb7 36. Rd2 Qc6 37. f5 Re8 38. Rde2 Qd5 39. Bd6 f6 40. Bc7 fxe5 41. Re4 Rac8 42. Bxe5 Rxe5 43. Rxe5 Nxe5 44. f6 Nf3+ 0-1

[Event "Titled Tuesday intern op 04th Feb Late"]
[Site "Chess.com INT"]
[Date "2025.02.04"]
[Round "2"]
[White "Kujawski, Adam"]
[Black "D'Arruda, Ricardo D"]
[Result "0-1"]
[WhiteElo "2115"]
[BlackElo "2271"]
[PlyCount "110"]
[EventDate "2025.02.04"]
[EventType "swiss (blitz)"]
[EventRounds "11"]
[EventCountry "USA"]
[SourceTitle "CB07_2025"]
[SourceDate "2025.02.12"]
[SourceVersion "1"]
[SourceVersionDate "2025.02.12"]
[SourceQuality "1"]

1. e4 c5 2. Nf3 Nc6 3. Bb5 Qc7 4. 0-0 e6 5. c3 a6 6. Ba4 b5 7. Bc2 d6 8. a3 Nf6 9. d4 Be7 10. Re1 0-0 11. Nbd2 e5 12. d5 Na5 13. Nf1 Nc4 14. b3 Nb6 15. a4 Bg4 16. a5 Nbd7 17. c4 bxc4 18. bxc4 Rab8 19. Ng3 Rb4 20. Bd3 Rfb8 21. h3 Bxf3 22. Qxf3 g6 23. Qe2 Bf8 24. Ra2 Rb3 25. Qc2 h5 26. Rb2 Rxb2 27. Bxb2 Qxa5 28. Bc3 Qb6 29. Rb1 Qxb1+ 30. Qxb1 Rxb1+ 31. Bxb1 Be7 32. Ba5 Kf8 33. Ne2 Ke8 34. f3 Bd8 35. Bc3 Nb6 36. Bd3 Na4 37. Bd2 Nb2 38. Nc1 Nxd3 39. Nxd3 Nd7 40. Kf2 a5 41. Nb2 Nb8 42. Ke2 Na6 43. Kd3 Kd7 44. Kc2 Nb4+ 45. Bxb4 cxb4 46. Na4 Kc8 47. Kd3 Kb7 48. g4 Bb6 49. gxh5 gxh5 50. c5 Bxc5 51. Nxc5+ dxc5 52. Kc4 a4 53. h4 a3 54. Kb3 c4+ 55. Ka2 Kb6 0-1

[Event "Titled Tuesday intern op 04th Feb Late"]
[Site "Chess.com INT"]
[Date "2025.02.04"]
[Round "9"]
[White "Romero Ruscalleda, Josep"]
[Black "D'Arruda, Ricardo D"]
[Result "0-1"]
[WhiteElo "2161"]
[BlackElo "2271"]
[PlyCount "162"]
[EventDate "2025.02.04"]
[EventType "swiss (blitz)"]
[EventRounds "11"]
[EventCountry "USA"]
[SourceTitle "CB07_2025"]
[SourceDate "2025.02.12"]
[SourceVersion "1"]
[SourceVersionDate "2025.02.12"]
[SourceQuality "1"]

1. e4 c5 2. c3 e6 3. d4 cxd4 4. cxd4 d5 5. e5 Nc6 6. Nf3 Nge7 7. a3 Nf5 8. b4 Be7 9. Bb2 0-0 10. Bd3 Bd7 11. 0-0 Rc8 12. Nbd2 f6 13. exf6 Bxf6 14. Nb3 b6 15. Re1 Qc7 16. Ne5 Nxe5 17. dxe5 Be7 18. Rc1 Qb8 19. Nd4 Rxc1 20. Qxc1 Nxd4 21. Bxd4 g6 22. Qh6 Rf7 23. h4 Qd8 24. g3 Bf8 25. Qe3 Be8 26. Kg2 Rc7 27. Qd2 Bg7 28. Qf4 Qe7 29. Qg4 Qd7 30. Re3 Qe7 31. Rf3 Rc1 32. Qf4 Rc8 33. Qe3 Rc7 34. Kh3 Rc8 35. g4 Rc7 36. Rg3 Qf8 37. h5 Kh8 38. hxg6 Bxg6 39. Bxg6 hxg6 40. Kg2 Kg8 41. Rf3 Qe7 42. Rh3 Rc4 43. Rh1 Qf8 44. Qd3 Qf4 45. Qxg6 Rxd4 46. Qxe6+ Qf7 47. Qc8+ Bf8 48. e6 Qf4 49. e7 Qe4+ 50. f3 Rd2+ 51. Kg3 Qe5+ 52. Kh3 Qxe7 53. Qf5 Qh7+ 54. Kg3 Qxf5 55. gxf5 Bd6+ 56. Kg4 Rd3 57. f4 Rd4 58. Kg5 Bxf4+ 59. Kg6 Be5 60. Rg1 Kf8 61. f6 Rf4 62. Re1 Rxf6+ 63. Kg5 Bc3 64. Rc1 Rf3 65. Kg6 Re3 66. Rd1 d4 67. Rf1+ Ke7 68. Rf7+ Kd6 69. Rxa7 d3 70. Ra8 Rg3+ 71. Kf5 Kc7 72. Re8 d2 73. Re7+ Kc6 74. Re6+ Kd7 75. Re3 d1Q 76. Rxg3 Qd5+ 77. Kg4 Qe4+ 78. Kh3 Qh7+ 79. Kg2 Qe4+ 80. Kh3 Be5 81. Rg4 Qh1# 0-1

[Event "Titled Tuesday intern op 26th Nov Late"]
[Site "Chess.com INT"]
[Date "2024.11.26"]
[Round "1"]
[White "D'Arruda, Ricardo D"]
[Black "Paravyan, David"]
[Result "0-1"]
[WhiteElo "2271"]
[BlackElo "2620"]
[PlyCount "88"]
[EventDate "2024.11.26"]
[EventType "swiss (blitz)"]
[EventRounds "11"]
[EventCountry "USA"]
[SourceTitle "CB49_2024"]
[SourceDate "2024.12.04"]
[SourceVersion "1"]
[SourceVersionDate "2024.12.04"]
[SourceQuality "1"]

1. Nf3 d5 2. d4 Nf6 3. c4 dxc4 4. Nc3 a6 5. a4 e6 6. e3 c5 7. Bxc4 Be7 8. 0-0 0-0 9. dxc5 Bxc5 10. Qxd8 Rxd8 11. b3 Nc6 12. Bb2 Na5 13. Rfd1 Bd7 14. Ne5 Be8 15. Ba3 Rxd1+ 16. Nxd1 Bxa3 17. Rxa3 Rd8 18. Be2 Nd7 19. Nxd7 Bxd7 20. b4 Nc6 21. b5 Nb4 22. bxa6 bxa6 23. a5 Bb5 24. Bxb5 Rxd1+ 25. Bf1 g6 26. f3 Nc6 27. Kf2 Rd5 28. Bxa6 Nxa5 29. Be2 Nc6 30. Rc3 Rd6 31. e4 Kg7 32. Ke3 g5 33. g3 Nd4 34. Bd3 e5 35. Bc4 Rc6 36. f4 Nb5 37. Rc1 Nd6 38. Kd3 exf4 39. gxf4 Rxc4 40. Rxc4 Nxc4 41. Kxc4 gxf4 42. Kd3 Kf6 43. Ke2 Ke5 44. Kf3 h6 0-1

[Event "Titled Tuesday intern op 26th Nov Late"]
[Site "Chess.com INT"]
[Date "2024.11.26"]
[Round "9"]
[White "D'Arruda, Ricardo D"]
[Black "Tamano, Ruby"]
[Result "1-0"]
[WhiteElo "2271"]
[BlackElo "2173"]
[PlyCount "77"]
[EventDate "2024.11.26"]
[EventType "swiss (blitz)"]
[EventRounds "11"]
[EventCountry "USA"]
[SourceTitle "CB49_2024"]
[SourceDate "2024.12.04"]
[SourceVersion "1"]
[SourceVersionDate "2024.12.04"]
[SourceQuality "1"]

1. d4 Nf6 2. Nf3 g6 3. Nc3 Bg7 4. e4 d5 5. exd5 0-0 6. Bc4 Nbd7 7. 0-0 Nb6 8. Bb3 a5 9. a4 Nfxd5 10. Nxd5 Nxd5 11. Re1 Re8 12. h3 Ra6 13. Bg5 h6 14. Bh4 Rb6 15. Qd2 Rb4 16. Rad1 c6 17. Ne5 Qb6 18. Bg3 Bf5 19. Bh2 Rd8 20. g4 Bc8 21. Nc4 Qa6 22. Qd3 Kh7 23. Ne5 Qxd3 24. Rxd3 Kg8 25. Nc4 Be6 26. Nxa5 Rxd4 27. Rxd4 Bxd4 28. Nxb7 Rd7 29. Na5 Bxb2 30. Nxc6 Bc3 31. Rd1 Kf8 32. a5 Nb4 33. Rxd7 Bxd7 34. Nxb4 Bxb4 35. a6 Bc5 36. Bb8 Bc6 37. a7 e6 38. Bc4 Ke7 39. Bf1 1-0

[Event "Titled Tuesday intern op 26th Nov Late"]
[Site "Chess.com INT"]
[Date "2024.11.26"]
[Round "7"]
[White "Nasta, Kiren Vivek"]
[Black "D'Arruda, Ricardo D"]
[Result "0-1"]
[WhiteElo "2010"]
[BlackElo "2271"]
[PlyCount "92"]
[EventDate "2024.11.26"]
[EventType "swiss (blitz)"]
[EventRounds "11"]
[EventCountry "USA"]
[SourceTitle "CB49_2024"]
[SourceDate "2024.12.04"]
[SourceVersion "1"]
[SourceVersionDate "2024.12.04"]
[SourceQuality "1"]

1. e4 c5 2. Nf3 Nc6 3. d4 cxd4 4. Nxd4 e5 5. Nb5 a6 6. Nd6+ Bxd6 7. Qxd6 Qe7 8. Qxe7+ Ngxe7 9. Nc3 Nb4 10. Bd3 d5 11. exd5 Bf5 12. 0-0 Bxd3 13. cxd3 0-0-0 14. f4 Nxd3 15. fxe5 Nxe5 16. Bf4 N5g6 17. d6 Nc6 18. Bg3 f6 19. Nd5 Nge5 20. Nb6+ Kb8 21. Rad1 Ka7 22. Bf2 Kb8 23. d7 Kc7 24. Nd5+ Kb8 25. Nb6 Ng4 26. Bc5 Kc7 27. Nd5+ Kb8 28. Nb6 Nge5 29. Bd6+ Ka7 30. Bc7 Rdf8 31. Rfe1 Nd8 32. Nc8+ Ka8 33. Bxe5 fxe5 34. Rxe5 Nc6 35. Nb6+ Ka7 36. Nc8+ Kb8 37. Nb6 Nxe5 38. Rc1 Nc6 39. Rd1 Rd8 40. h3 Kc7 41. Nd5+ Kxd7 42. Nf6+ Ke6 43. Re1+ Kxf6 44. Rf1+ Kg6 45. Re1 Rhe8 46. Rf1 Rd2 0-1

[Event "Titled Tuesday intern op 26th Nov Late"]
[Site "Chess.com INT"]
[Date "2024.11.26"]
[Round "2"]
[White "Nebel, Jens"]
[Black "D'Arruda, Ricardo D"]
[Result "0-1"]
[WhiteElo "2212"]
[BlackElo "2271"]
[PlyCount "52"]
[EventDate "2024.11.26"]
[EventType "swiss (blitz)"]
[EventRounds "11"]
[EventCountry "USA"]
[SourceTitle "CB49_2024"]
[SourceDate "2024.12.04"]
[SourceVersion "1"]
[SourceVersionDate "2024.12.04"]
[SourceQuality "1"]

1. e4 c5 2. d4 cxd4 3. c3 dxc3 4. Nxc3 e6 5. Nf3 Bb4 6. Bd2 Ne7 7. a3 Ba5 8. b4 Bb6 9. Bg5 0-0 10. Bd3 f6 11. Bf4 d5 12. exd5 Nxd5 13. Nxd5 Qxd5 14. Qc2 Qh5 15. h3 e5 16. Be3 Bxe3 17. fxe3 Nc6 18. 0-0 Be6 19. Be4 Rac8 20. Qa4 a6 21. b5 axb5 22. Qxb5 Nd8 23. Rfe1 Qe8 24. Qb4 Qf7 25. Red1 Nc6 26. a4 Nxb4 0-1

[Event "Titled Tuesday intern op 24th Sep Late"]
[Site "Chess.com INT"]
[Date "2024.09.24"]
[Round "8"]
[White "Osmonbekov, Talaibek D"]
[Black "D'Arruda, Ricardo D"]
[Result "0-1"]
[WhiteElo "2109"]
[BlackElo "2271"]
[PlyCount "64"]
[EventDate "2024.09.24"]
[EventType "swiss (blitz)"]
[EventRounds "11"]
[EventCountry "USA"]
[SourceTitle "EXT 2025"]
[Source "ChessBase"]
[SourceDate "2024.10.14"]
[SourceVersion "1"]
[SourceVersionDate "2024.10.14"]
[SourceQuality "1"]

1. d4 Nf6 2. Nc3 e6 3. e4 b6 4. Bd3 Bb7 5. Qe2 Bb4 6. Nf3 d5 7. exd5 Nxd5 8. Bd2 Nxc3 9. bxc3 Be7 10. 0-0 Nd7 11. a4 a5 12. Rfe1 0-0 13. Rab1 Nf6 14. Ne5 Qd5 15. f3 Rab8 16. Qf2 g6 17. c4 Qd8 18. c3 Nd7 19. Ng4 h5 20. Nh6+ Kg7 21. Rb5 c5 22. Nxf7 Rxf7 23. Rxe6 Nf8 24. Rexb6 Bg5 25. Rxc5 Bxd2 26. Qxd2 Qxb6 27. Rb5 Qc7 28. c5 Bc6 29. Rxb8 Qxb8 30. Bc4 Re7 31. d5 Qb1+ 32. Kf2 Qf5 0-1

[Event "Titled Tuesday intern op 17th Sep Late"]
[Site "Chess,com INT"]
[Date "2024.09.17"]
[Round "2"]
[White "D'Arruda, Ricardo D"]
[Black "Flores Mirabal, Nancy"]
[Result "1-0"]
[WhiteElo "2271"]
[BlackElo "1974"]
[PlyCount "63"]
[EventDate "2024.09.17"]
[EventType "swiss (blitz)"]
[EventRounds "11"]
[EventCountry "USA"]
[SourceTitle "EXT 2025"]
[Source "ChessBase"]
[SourceDate "2024.10.14"]
[SourceVersion "1"]
[SourceVersionDate "2024.10.14"]
[SourceQuality "1"]

1. Nf3 c5 2. d3 d5 3. g3 Nf6 4. Bg2 g6 5. 0-0 Bg7 6. Nbd2 0-0 7. e4 dxe4 8. dxe4 Nc6 9. Qe2 Nd4 10. Nxd4 cxd4 11. e5 Ng4 12. Nc4 Be6 13. f4 Rc8 14. b3 d3 15. Qxd3 Bxc4 16. bxc4 Qb6+ 17. Kh1 Nf2+ 18. Rxf2 Qxf2 19. Be3 Rfd8 20. Bxf2 Rxd3 21. cxd3 Rd8 22. Be4 b6 23. d4 f6 24. Rd1 fxe5 25. fxe5 e6 26. Bf3 h5 27. Kg2 Kh7 28. Be3 Rb8 29. Bf4 b5 30. d5 bxc4 31. d6 Rb2+ 32. Kh3 1-0

[Event "Titled Tuesday intern op 17th Sep Late"]
[Site "Chess,com INT"]
[Date "2024.09.17"]
[Round "4"]
[White "D'Arruda, Ricardo D"]
[Black "Schuster, Karsten"]
[Result "1/2-1/2"]
[WhiteElo "2271"]
[BlackElo "2283"]
[PlyCount "81"]
[EventDate "2024.09.17"]
[EventType "swiss (blitz)"]
[EventRounds "11"]
[EventCountry "USA"]
[SourceTitle "EXT 2025"]
[Source "ChessBase"]
[SourceDate "2024.10.14"]
[SourceVersion "1"]
[SourceVersionDate "2024.10.14"]
[SourceQuality "1"]

1. Nf3 d5 2. d4 Nf6 3. c4 c6 4. e3 Bf5 5. Nc3 a6 6. Bd3 Bxd3 7. Qxd3 e6 8. 0-0 b5 9. b3 Be7 10. Bb2 0-0 11. a4 b4 12. Ne2 a5 13. Ng3 Nbd7 14. e4 dxc4 15. Qxc4 c5 16. dxc5 Nxc5 17. Rfd1 Qb6 18. Bd4 Rfc8 19. Rac1 Nfd7 20. e5 Qb7 21. Bxc5 Nxc5 22. Nh5 g6 23. Nf6+ Bxf6 24. exf6 Ne4 25. Qd3 Nxf6 26. Qd4 Nd5 27. Ng5 Rxc1 28. Rxc1 Rc8 29. Re1 Qb6 30. Qh4 h5 31. Qe4 Kg7 32. Qe5+ Kg8 33. Ne4 Qc7 34. Qg5 Qc2 35. g4 Nc3 36. Nf6+ Kg7 37. Nxh5+ Kh7 38. Nf6+ Kg7 39. Nh5+ Kh7 40. Nf6+ Kg7 41. Nh5+ 1/2-1/2

[Event "Titled Tuesday intern op 17th Sep Late"]
[Site "Chess,com INT"]
[Date "2024.09.17"]
[Round "3"]
[White "Korchmar, Vasiliy"]
[Black "D'Arruda, Ricardo D"]
[Result "1-0"]
[WhiteElo "2429"]
[BlackElo "2271"]
[PlyCount "37"]
[EventDate "2024.09.17"]
[EventType "swiss (blitz)"]
[EventRounds "11"]
[EventCountry "USA"]
[SourceTitle "EXT 2025"]
[Source "ChessBase"]
[SourceDate "2024.10.14"]
[SourceVersion "1"]
[SourceVersionDate "2024.10.14"]
[SourceQuality "1"]

1. e4 c5 2. d4 cxd4 3. Qxd4 Nc6 4. Qd3 Nf6 5. Nc3 d6 6. Nf3 e6 7. Bf4 Be7 8. 0-0-0 e5 9. Bg5 0-0 10. Bxf6 gxf6 11. Nh4 Kh8 12. Kb1 Qb6 13. Qd2 Be6 14. Nd5 Bxd5 15. exd5 Nb8 16. Bd3 f5 17. Nxf5 Bf6 18. Qh6 Qd8 19. Ne7 1-0

[Event "Titled Tuesday intern op 17th Sep Late"]
[Site "Chess,com INT"]
[Date "2024.09.17"]
[Round "1"]
[White "Rustamov, Rustam"]
[Black "D'Arruda, Ricardo D"]
[Result "1-0"]
[WhiteElo "2283"]
[BlackElo "2271"]
[PlyCount "43"]
[EventDate "2024.09.17"]
[EventType "swiss (blitz)"]
[EventRounds "11"]
[EventCountry "USA"]
[SourceTitle "EXT 2025"]
[Source "ChessBase"]
[SourceDate "2024.10.14"]
[SourceVersion "1"]
[SourceVersionDate "2024.10.14"]
[SourceQuality "1"]

1. e4 c5 2. Nf3 Nc6 3. Bb5 e6 4. 0-0 Nge7 5. c3 d5 6. exd5 exd5 7. d4 a6 8. Ba4 cxd4 9. Nxd4 b5 10. Nxc6 Nxc6 11. Bb3 Be6 12. a4 Rb8 13. axb5 axb5 14. Bf4 Bd6 15. Bxd5 Bxf4 16. Bxc6+ Ke7 17. Ra7+ Kf6 18. Qf3 g5 19. g3 Qb6 20. Ra1 Rhg8 21. gxf4 gxf4+ 22. Kh1 1-0

[Event "Titled Tuesday intern op 27th Aug Early"]
[Site "Chess.com INT"]
[Date "2024.08.27"]
[Round "11"]
[White "D'Arruda, Ricardo D"]
[Black "Altynbek, Aiaru"]
[Result "0-1"]
[WhiteElo "2271"]
[BlackElo "1990"]
[PlyCount "42"]
[EventDate "2024.08.27"]
[EventType "swiss (blitz)"]
[EventRounds "11"]
[EventCountry "USA"]
[SourceTitle "EXT 2025"]
[Source "ChessBase"]
[SourceDate "2024.10.14"]
[SourceVersion "1"]
[SourceVersionDate "2024.10.14"]
[SourceQuality "1"]

1. d4 d5 2. Nf3 Nf6 3. c4 e6 4. e3 Be7 5. Nc3 0-0 6. Bd3 dxc4 7. Bxc4 c5 8. 0-0 Nc6 9. Qe2 cxd4 10. Rd1 e5 11. exd4 exd4 12. Be3 Bc5 13. Na4 b6 14. Bb5 Qc7 15. Nxd4 Nxd4 16. Bxd4 Bg4 17. Qe3 Bxd1 18. Nxc5 Ng4 19. Qg3 Qxg3 20. hxg3 bxc5 21. Bxc5 Rfd8 0-1

[Event "Titled Tuesday intern op 27th Aug Late"]
[Site "Chess.com INT"]
[Date "2024.08.27"]
[Round "3"]
[White "D'Arruda, Ricardo D"]
[Black "Kacharava, Nikoloz"]
[Result "0-1"]
[WhiteElo "2271"]
[BlackElo "2522"]
[PlyCount "56"]
[EventDate "2024.08.27"]
[EventType "swiss (blitz)"]
[EventRounds "11"]
[EventCountry "USA"]
[SourceTitle "EXT 2025"]
[Source "ChessBase"]
[SourceDate "2024.10.14"]
[SourceVersion "1"]
[SourceVersionDate "2024.10.14"]
[SourceQuality "1"]

1. Nf3 Nf6 2. d4 d6 3. Nc3 g6 4. e4 Bg7 5. Bg5 h6 6. Bh4 c6 7. Qd2 Nbd7 8. e5 dxe5 9. dxe5 Ng4 10. e6 fxe6 11. 0-0-0 Qa5 12. Bd3 Nge5 13. Nxe5 Nxe5 14. f4 Nxd3+ 15. Qxd3 Kf7 16. Be1 b6 17. Kb1 Ba6 18. Qf3 Rhd8 19. Bd2 Bc4 20. b3 Rxd2 21. Rxd2 Qxc3 22. Qxc3 Bxc3 23. Rd7 Bd5 24. Rd1 Ke8 25. Rb7 Kd8 26. Rd3 Bf6 27. c4 Kc8 28. cxd5 exd5 0-1

[Event "Titled Tuesday intern op 27th Aug Early"]
[Site "Chess.com INT"]
[Date "2024.08.27"]
[Round "7"]
[White "Ernst, Luca"]
[Black "D'Arruda, Ricardo D"]
[Result "0-1"]
[WhiteElo "2185"]
[BlackElo "2271"]
[PlyCount "90"]
[EventDate "2024.08.27"]
[EventType "swiss (blitz)"]
[EventRounds "11"]
[EventCountry "USA"]
[SourceTitle "EXT 2025"]
[Source "ChessBase"]
[SourceDate "2024.10.14"]
[SourceVersion "1"]
[SourceVersionDate "2024.10.14"]
[SourceQuality "1"]

1. c4 e5 2. Nc3 Nf6 3. Nf3 Nc6 4. e3 Bb4 5. Qc2 0-0 6. Nd5 Bc5 7. a3 a5 8. Qf5 Nxd5 9. cxd5 d6 10. Qh5 Ne7 11. d4 exd4 12. exd4 Bb6 13. Bd3 g6 14. Qh6 f6 15. 0-0 Bf5 16. Bc4 Be4 17. Nh4 g5 18. Re1 Nf5 19. Nxf5 Bxf5 20. Be3 Qd7 21. h4 gxh4 22. Qxh4 Rae8 23. Bh6 Rf7 24. Qf4 Bg6 25. Kf1 Qd8 26. Bb5 Rxe1+ 27. Rxe1 Re7 28. Re6 Bf7 29. Qg4+ Bg6 30. Rxe7 Qxe7 31. Qc8+ Kf7 32. Bd7 Bd3+ 33. Kg1 Bxd4 34. Be6+ Kg6 35. Bf4 Be5 36. Bf5+ Bxf5 37. Qg8+ Kh5 38. Be3 Bg6 39. g4+ Kxg4 40. Qc8+ Kh4 41. Kg2 f5 42. Qxb7 f4 43. Bd2 Qg5+ 44. Kf1 Bd3+ 45. Ke1 Qg1# 0-1

[Event "Titled Tuesday intern op 27th Aug Early"]
[Site "Chess.com INT"]
[Date "2024.08.27"]
[Round "3"]
[White "Espinoza Solano, Jose Nahum"]
[Black "D'Arruda, Ricardo D"]
[Result "0-1"]
[WhiteElo "2156"]
[BlackElo "2271"]
[PlyCount "52"]
[EventDate "2024.08.27"]
[EventType "swiss (blitz)"]
[EventRounds "11"]
[EventCountry "USA"]
[SourceTitle "EXT 2025"]
[Source "ChessBase"]
[SourceDate "2024.10.14"]
[SourceVersion "1"]
[SourceVersionDate "2024.10.14"]
[SourceQuality "1"]

1. e4 c5 2. Nf3 Nc6 3. d4 cxd4 4. Nxd4 e5 5. Nb5 a6 6. Nd6+ Bxd6 7. Qxd6 Qe7 8. Qd2 Nf6 9. f3 d6 10. c4 Be6 11. Nc3 0-0 12. Bd3 Rac8 13. 0-0 Nb4 14. Nd5 Nfxd5 15. cxd5 Nxd3 16. dxe6 Nxc1 17. exf7+ Qxf7 18. Rfxc1 Qe6 19. b3 h6 20. Rxc8 Rxc8 21. Rd1 Rc6 22. Kf2 Kh7 23. Qe2 Qc8 24. Rd2 Rc1 25. Rxd6 Qc5+ 26. Qe3 Rc2+ 0-1

[Event "Titled Tuesday intern op 27th Aug Early"]
[Site "Chess.com INT"]
[Date "2024.08.27"]
[Round "10"]
[White "Korpics, Zsolt"]
[Black "D'Arruda, Ricardo D"]
[Result "1-0"]
[WhiteElo "2300"]
[BlackElo "2271"]
[PlyCount "107"]
[EventDate "2024.08.27"]
[EventType "swiss (blitz)"]
[EventRounds "11"]
[EventCountry "USA"]
[SourceTitle "EXT 2025"]
[Source "ChessBase"]
[SourceDate "2024.10.14"]
[SourceVersion "1"]
[SourceVersionDate "2024.10.14"]
[SourceQuality "1"]

1. e4 c5 2. Nf3 Nc6 3. d4 cxd4 4. Nxd4 e5 5. Nb5 a6 6. Nd6+ Bxd6 7. Qxd6 Qe7 8. Qd1 Nf6 9. Nc3 d6 10. Bg5 Be6 11. Be2 0-0 12. 0-0 Rfd8 13. Qd2 h6 14. Be3 d5 15. exd5 Bxd5 16. Nxd5 Nxd5 17. Bc4 Nb6 18. Qe2 Nxc4 19. Qxc4 Qb4 20. Qxb4 Nxb4 21. c3 Nc2 22. Rad1 Nxe3 23. fxe3 f6 24. Kf2 Kf7 25. e4 Ke6 26. Ke3 Rac8 27. a4 h5 28. Rxd8 Rxd8 29. Ra1 g6 30. Ke2 f5 31. Ra3 Rd6 32. Rb3 b6 33. Rb4 f4 34. Rc4 g5 35. Rc8 g4 36. Rh8 f3+ 37. gxf3 gxf3+ 38. Kxf3 Rd2 39. Rxh5 Rxb2 40. Rh6+ Ke7 41. Kg4 Rf2 42. h4 Rf4+ 43. Kg5 Rxe4 44. Rxb6 Rxa4 45. h5 Ra1 46. h6 Rg1+ 47. Kf5 Rh1 48. Rxa6 Rh3 49. c4 Kd7 50. Kxe5 Rh5+ 51. Kd4 Rh4+ 52. Kc5 Rh5+ 53. Kb4 Rh4 54. Rg6 1-0

[Event "Titled Tuesday intern op 27th Aug Late"]
[Site "Chess.com INT"]
[Date "2024.08.27"]
[Round "2"]
[White "Toshali, V."]
[Black "D'Arruda, Ricardo D"]
[Result "0-1"]
[WhiteElo "2073"]
[BlackElo "2271"]
[PlyCount "102"]
[EventDate "2024.08.27"]
[EventType "swiss (blitz)"]
[EventRounds "11"]
[EventCountry "USA"]
[SourceTitle "EXT 2025"]
[Source "ChessBase"]
[SourceDate "2024.10.14"]
[SourceVersion "1"]
[SourceVersionDate "2024.10.14"]
[SourceQuality "1"]

1. d4 Nf6 2. Nf3 e6 3. Bg5 b6 4. Nbd2 Bb7 5. e4 Be7 6. Bd3 d5 7. e5 Ne4 8. Bf4 c5 9. c3 0-0 10. Qe2 Nxd2 11. Nxd2 Qc8 12. 0-0 Ba6 13. Rfe1 Bxd3 14. Qxd3 Qa6 15. Qxa6 Nxa6 16. Rac1 Rfc8 17. Nf3 cxd4 18. Nxd4 Nc5 19. h3 Nd3 20. Bd2 Nxe1 21. Rxe1 a6 22. f4 g6 23. g4 Bc5 24. Be3 b5 25. Kg2 b4 26. cxb4 Bxb4 27. Rf1 Bc5 28. Rf2 Bxd4 29. Bxd4 Rc4 30. Rd2 Rac8 31. Kf3 Rc2 32. Bc3 Rxd2 33. Bxd2 Rc2 34. Bc3 Rh2 35. Kg3 Rh1 36. Kg2 Rd1 37. Kf3 d4 38. Ke2 Rh1 39. Bxd4 Rxh3 40. a4 h5 41. gxh5 gxh5 42. b4 Ra3 43. a5 Rb3 44. Bc5 h4 45. Kf2 Kh7 46. Kg2 Kg6 47. Be7 Kh5 48. Kh2 Kg4 49. Bc5 Rb2+ 50. Kh1 Kxf4 51. Kg1 Kxe5 0-1